<?xml version="1.0" encoding="UTF-8"?>
<record
    xmlns:xsi="http://www.w3.org/2001/XMLSchema-instance"
    xsi:schemaLocation="http://www.loc.gov/MARC21/slim http://www.loc.gov/standards/marcxml/schema/MARC21slim.xsd"
    xmlns="http://www.loc.gov/MARC21/slim">

  <leader>01125nam a22002777a 4500</leader>
  <controlfield tag="005">20170525020001.0</controlfield>
  <controlfield tag="008">130319s2012    ck abdo rt    000 0 spa d</controlfield>
  <datafield tag="020" ind1=" " ind2=" ">
    <subfield code="a">9789587320985</subfield>
  </datafield>
  <datafield tag="040" ind1=" " ind2=" ">
    <subfield code="a">CO-BoPUJ</subfield>
    <subfield code="c">CO-BoIAVH</subfield>
  </datafield>
  <datafield tag="041" ind1="0" ind2=" ">
    <subfield code="a">spa</subfield>
  </datafield>
  <datafield tag="044" ind1=" " ind2=" ">
    <subfield code="a">ck</subfield>
  </datafield>
  <datafield tag="082" ind1="0" ind2="4">
    <subfield code="a">306.0986</subfield>
    <subfield code="b">V87v</subfield>
  </datafield>
  <datafield tag="245" ind1="0" ind2="0">
    <subfield code="a">Voces, perspectivas y miradas del Pac&#xED;fico /</subfield>
    <subfield code="c">compiladora Rosa Elizabeth Tabares Trujillo</subfield>
  </datafield>
  <datafield tag="250" ind1=" " ind2=" ">
    <subfield code="a">1a ed.</subfield>
  </datafield>
  <datafield tag="260" ind1=" " ind2=" ">
    <subfield code="a">Popay&#xE1;n :</subfield>
    <subfield code="b">Universidad del Cauca, </subfield>
    <subfield code="c">2012.</subfield>
  </datafield>
  <datafield tag="300" ind1=" " ind2=" ">
    <subfield code="a">773 p.</subfield>
    <subfield code="b">il., fotos, gr&#xE1;ficas y mapas</subfield>
    <subfield code="c">24 cm.</subfield>
  </datafield>
  <datafield tag="504" ind1=" " ind2=" ">
    <subfield code="a">Incluye referencias bibliogr&#xE1;ficas.</subfield>
  </datafield>
  <datafield tag="650" ind1="1" ind2="4">
    <subfield code="a">Multiculturalismo</subfield>
    <subfield code="z">Pac&#xED;fico (Regi&#xF3;n, Colombia)</subfield>
    <subfield code="v">Investigaciones</subfield>
    <subfield code="9">31751</subfield>
  </datafield>
  <datafield tag="650" ind1="2" ind2="4">
    <subfield code="a">Juegos infantiles</subfield>
    <subfield code="z">Pac&#xED;fico (Regi&#xF3;n, Colombia)</subfield>
    <subfield code="9">31752</subfield>
  </datafield>
  <datafield tag="650" ind1="2" ind2="4">
    <subfield code="a">Medicina tradicional</subfield>
    <subfield code="z">Pac&#xED;fico (Regi&#xF3;n, Colombia)</subfield>
    <subfield code="9">31753</subfield>
  </datafield>
  <datafield tag="650" ind1="2" ind2="4">
    <subfield code="a">Ind&#xED;genas de Colombia</subfield>
    <subfield code="z">Pac&#xED;fico (Regi&#xF3;n, Colombia)</subfield>
    <subfield code="9">31754</subfield>
  </datafield>
  <datafield tag="651" ind1=" " ind2="4">
    <subfield code="a">Pac&#xED;fico (Regi&#xF3;n, Colombia)</subfield>
    <subfield code="x">Condiciones sociales</subfield>
    <subfield code="9">31755</subfield>
  </datafield>
  <datafield tag="651" ind1=" " ind2="4">
    <subfield code="a">Guapi (Cauca, Colombia)</subfield>
    <subfield code="x">Condiciones sociales</subfield>
    <subfield code="9">31756</subfield>
  </datafield>
  <datafield tag="700" ind1="1" ind2=" ">
    <subfield code="a">Tabares-Trujillo, Rosa Elizabeth</subfield>
    <subfield code="e">Comp.</subfield>
    <subfield code="9">31757</subfield>
  </datafield>
  <datafield tag="942" ind1=" " ind2=" ">
    <subfield code="2">ddc</subfield>
    <subfield code="c">LIBRO</subfield>
    <subfield code="0">1</subfield>
  </datafield>
  <datafield tag="999" ind1=" " ind2=" ">
    <subfield code="c">9012</subfield>
    <subfield code="d">9012</subfield>
  </datafield>
  <datafield tag="952" ind1=" " ind2=" ">
    <subfield code="0">0</subfield>
    <subfield code="1">0</subfield>
    <subfield code="2">ddc</subfield>
    <subfield code="4">0</subfield>
    <subfield code="7">0</subfield>
    <subfield code="8">GENERAL</subfield>
    <subfield code="a">Bogota</subfield>
    <subfield code="b">Bogota</subfield>
    <subfield code="d">2015-01-16</subfield>
    <subfield code="l">2</subfield>
    <subfield code="m">2</subfield>
    <subfield code="o">LB-306.0986 V87v</subfield>
    <subfield code="p">038495</subfield>
    <subfield code="r">2022-05-05 00:00:00</subfield>
    <subfield code="s">2019-06-04</subfield>
    <subfield code="t">Ej. 1</subfield>
    <subfield code="w">2015-01-16</subfield>
    <subfield code="x">Donaci&#xF3;n</subfield>
    <subfield code="y">LIBRO</subfield>
  </datafield>
</record>
